00611 2200253 4500001002100000005001700021008004100038020001800079035002400097082001000121090001700131100001300148245003000161250001100191260003100202300002500233650001900258650001500277850001600292980001300308985000600321999001500327999001500342YOGYA-0209000001749220090227022750.0 ind  a979-526-094-4 0010-020900000017492 a621.8 a621.8bDar T aDARYANTO aTeknik otomotifcDaryanto aCet. 4 aJAkartabBumi Aksarac1995 a136 hlmbilusc21 cm aTeknik mekanik aPermesinan aYOPDYOG (B) a30-01-06 a2 a97P0093293 a97P0093294